[Event "DVM U20 2023"]
[Site "Magdeburg GER"]
[Date "2023.12.29"]
[Round "6"]
[White "Ahlbrecht, Malte"]
[Black "Lichtinger, Simon"]
[Result "1-0"]
[Termination "normal"]
[Board "5.5"]
[WhiteElo "1727"]
[BlackElo "1709"]
[WhiteClock "00:26:13"]
[BlackClock "00:10:38"]
[WhiteTeam "SK Lehrte 1919"]
[BlackTeam "FC Ergolding 1932"]
[PlyCount "95"]
[WhiteFideId "34620001"]
[BlackFideId "16230442"]
[EventCountry "GER"]
[EventRounds "7"]
[EventType "team-swiss"]
[EventDate "2023.12.26"]

1. e4 {[%clk 01:30:59]} Nf6 {[%clk 01:30:51]} {[%emt 00:00:10]} 2. e5 {[%clk
01:29:58]} {[%emt 00:01:31]} Nd5 {[%clk 01:31:09]} {[%emt 00:00:11]} 3. c4
{[%clk 01:30:18]} {[%emt 00:00:11]} Nb6 {[%clk 01:31:36]} {[%emt 00:00:03]} 4.
d4 {[%clk 01:30:36]} {[%emt 00:00:11]} d6 {[%clk 01:31:59]} {[%emt 00:00:08]}
5. f4 {[%clk 01:30:36]} {[%emt 00:00:30]} dxe5 {[%clk 01:32:04]} {[%emt
00:00:26]} 6. fxe5 {[%clk 01:30:53]} {[%emt 00:00:12]} Nc6 {[%clk 01:32:26]}
{[%emt 00:00:09]} 7. Be3 {[%clk 01:30:56]} {[%emt 00:00:27]} Bf5 {[%clk
01:32:47]} {[%emt 00:00:08]} 8. Nc3 {[%clk 01:31:06]} {[%emt 00:00:21]} e6
{[%clk 01:33:10]} {[%emt 00:00:06]} 9. Nf3 {[%clk 01:29:16]} {[%emt 00:02:20]}
Bb4 {[%clk 01:33:27]} {[%emt 00:00:13]} 10. Be2 {[%clk 01:25:53]} {[%emt
00:03:53]} O-O {[%clk 01:31:35]} {[%emt 00:02:22]} 11. O-O {[%clk 01:25:39]}
{[%emt 00:00:44]} Na5 {[%clk 01:30:42]} {[%emt 00:01:23]} 12. Nd2 {[%clk
01:06:27]} {[%emt 00:19:42]} c5 {[%clk 01:23:25]} {[%emt 00:07:46]} 13. d5
{[%clk 00:14:18]} {[%emt 00:52:40]} exd5 {[%clk 01:22:38]} {[%emt 00:01:16]}
14. Nxd5 {[%clk 00:13:53]} {[%emt 00:00:57]} Bxd2 {[%clk 00:49:23]} {[%emt
00:33:44]} 15. Bxd2 {[%clk 00:14:21]} {[%emt 00:00:01]} Naxc4 {[%clk 00:43:00]}
{[%emt 00:06:54]} 16. Bxc4 {[%clk 00:02:59]} {[%emt 00:11:52]} Nxc4 {[%clk
00:42:14]} {[%emt 00:01:17]} 17. Bg5 {[%clk 00:01:09]} {[%emt 00:02:19]} Qxg5
{[%clk 00:26:54]} {[%emt 00:15:50]} 18. Rxf5 {[%clk 00:01:38]} {[%emt
00:00:01]} Qh4 {[%clk 00:26:16]} {[%emt 00:01:06]} 19. Rf4 {[%clk 00:00:42]}
{[%emt 00:01:26]} Qg5 {[%clk 00:20:59]} {[%emt 00:05:47]} 20. Rxc4 {[%clk
00:00:45]} {[%emt 00:00:28]} Rad8 {[%clk 00:21:11]} {[%emt 00:00:19]} 21. Qf3
{[%clk 00:00:52]} {[%emt 00:00:23]} Qxe5 {[%clk 00:20:38]} {[%emt 00:01:02]}
22. Nc3 {[%clk 00:00:44]} {[%emt 00:00:38]} Rd4 {[%clk 00:17:22]} {[%emt
00:03:45]} 23. Rxd4 {[%clk 00:00:49]} {[%emt 00:00:26]} cxd4 {[%clk 00:17:51]}
{[%emt 00:00:02]} 24. Ne4 {[%clk 00:00:53]} {[%emt 00:00:25]} Re8 {[%clk
00:18:16]} {[%emt 00:00:04]} 25. Re1 {[%clk 00:01:00]} {[%emt 00:00:24]} Re7
{[%clk 00:10:05]} {[%emt 00:08:42]} 26. Qd3 {[%clk 00:00:35]} {[%emt 00:00:54]}
f5 {[%clk 00:08:39]} {[%emt 00:01:55]} 27. Nf6+ {[%emt 00:00:35]} Qxf6 {[%clk
00:06:34]} {[%emt 00:02:34]} 28. Qc4+ {[%clk 00:00:37]} {[%emt 00:00:25]} Kf8
{[%clk 00:05:08]} {[%emt 00:01:56]} 29. Qc8+ {[%clk 00:00:53]} {[%emt
00:00:14]} Kf7 {[%clk 00:05:06]} {[%emt 00:00:31]} 30. Rxe7+ {[%clk 00:00:39]}
{[%emt 00:00:44]} Qxe7 {[%clk 00:03:59]} {[%emt 00:01:37]} 31. Qxf5+ {[%clk
00:01:00]} {[%emt 00:00:10]} Qf6 {[%clk 00:02:04]} {[%emt 00:02:24]} 32. Qd5+
{[%clk 00:00:56]} {[%emt 00:00:34]} Qe6 {[%clk 00:01:08]} {[%emt 00:01:26]} 33.
Qxb7+ {[%clk 00:01:04]} {[%emt 00:00:23]} Kg8 {[%clk 00:00:50]} {[%emt
00:00:40]} 34. Qb8+ {[%clk 00:00:56]} {[%emt 00:00:44]} Kf7 {[%clk 00:01:13]}
{[%emt 00:00:04]} 35. Qb7+ {[%clk 00:00:38]} {[%emt 00:00:52]} Kg8 {[%clk
00:00:45]} {[%emt 00:00:58]} 36. Qb8+ {[%clk 00:00:39]} {[%emt 00:00:29]} Kf7
{[%clk 00:01:14]} {[%emt 00:00:01]} 37. Qc7+ {[%clk 00:00:41]} {[%emt
00:00:28]} Qe7 {[%clk 00:00:57]} {[%emt 00:00:47]} 38. Qxe7+ {[%clk 00:00:50]}
{[%emt 00:00:21]} Kxe7 {[%clk 00:01:18]} {[%emt 00:00:09]} 39. Kf2 {[%clk
00:01:19]} {[%emt 00:00:01]} Ke6 {[%clk 00:01:25]} {[%emt 00:00:23]} 40. Ke2
{[%clk 00:01:24]} {[%emt 00:00:25]} a5 {[%clk 00:00:45]} {[%emt 00:01:09]} 41.
Kd3 {[%clk 00:00:38]} {[%emt 00:01:16]} Kd5 {[%clk 00:01:08]} {[%emt 00:00:08]}
42. b3 {[%clk 00:30:08]} {[%emt 00:00:59]} Ke5 {[%clk 00:15:12]} {[%emt
00:16:27]} 43. a3 {[%clk 00:30:13]} {[%emt 00:00:25]} Kd5 {[%clk 00:13:20]}
{[%emt 00:02:21]} 44. b4 {[%clk 00:26:44]} {[%emt 00:04:01]} a4 {[%clk
00:10:06]} {[%emt 00:03:44]} 45. b5 {[%clk 00:26:26]} {[%emt 00:00:48]} Kc5
{[%clk 00:10:17]} {[%emt 00:00:19]} 46. b6 {[%clk 00:26:42]} {[%emt 00:00:14]}
Kxb6 {[%clk 00:10:46]} {[%emt 00:00:02]} 47. Kxd4 {[%clk 00:27:05]} {[%emt
00:00:06]} Kc6 {[%clk 00:10:38]} {[%emt 00:00:39]} 48. Kc4 {[%clk 00:26:13]}
{[%emt 00:01:21]} *

[Event "DVM U20 2023"]
[Site "Magdeburg GER"]
[Date "2023.12.29"]
[Round "6"]
[White "Karlinger De la Quintana, Ainhoa"]
[Black "Kosmehl, Konrad"]
[Result "0-1"]
[Termination "normal"]
[Board "5.6"]
[WhiteElo "1348"]
[BlackElo "1193"]
[WhiteClock "00:54:03"]
[BlackClock "00:42:10"]
[WhiteTeam "FC Ergolding 1932"]
[BlackTeam "SK Lehrte 1919"]
[PlyCount "36"]
[WhiteFideId "16217268"]
[BlackFideId "16283120"]
[EventCountry "GER"]
[EventRounds "7"]
[EventType "team-swiss"]
[EventDate "2023.12.26"]

1. b4 {[%clk 01:30:32]} {[%emt 00:00:29]} e5 {[%clk 01:30:56]} {[%emt
00:00:05]} 2. Bb2 {[%clk 01:30:57]} {[%emt 00:00:05]} Bxb4 {[%clk 01:31:06]}
{[%emt 00:00:21]} 3. Bxe5 {[%clk 01:31:20]} {[%emt 00:00:07]} Nf6 {[%clk
01:31:32]} {[%emt 00:00:04]} 4. Nf3 {[%clk 01:31:30]} {[%emt 00:00:21]} O-O
{[%clk 01:30:13]} {[%emt 00:01:49]} 5. e3 {[%clk 01:30:32]} {[%emt 00:01:27]}
d5 {[%clk 01:29:01]} {[%emt 00:01:43]} 6. Be2 {[%clk 01:30:26]} {[%emt
00:00:35]} c5 {[%clk 01:28:15]} {[%emt 00:01:15]} 7. a3 {[%clk 01:29:26]}
{[%emt 00:01:30]} Ba5 {[%clk 01:28:37]} {[%emt 00:00:09]} 8. O-O {[%clk
01:28:59]} {[%emt 00:00:57]} Nc6 {[%clk 01:20:26]} {[%emt 00:08:42]} 9. Bb2
{[%clk 01:25:17]} {[%emt 00:04:11]} Bf5 {[%clk 01:09:07]} {[%emt 00:11:49]} 10.
d4 {[%clk 01:23:25]} {[%emt 00:02:22]} Qb6 {[%clk 01:04:18]} {[%emt 00:05:18]}
11. Qc1 {[%clk 01:17:53]} {[%emt 00:06:02]} Ne4 {[%clk 00:54:40]} {[%emt
00:10:09]} 12. dxc5 {[%clk 01:16:28]} {[%emt 00:01:54]} Qxc5 {[%clk 00:53:37]}
{[%emt 00:01:34]} 13. c4 {[%clk 01:08:43]} {[%emt 00:08:15]} Rac8 {[%clk
00:48:02]} {[%emt 00:06:04]} 14. cxd5 {[%emt 00:01:58]} Qxd5 {[%clk 00:48:16]}
{[%emt 00:00:13]} 15. Rd1 {[%clk 01:01:28]} {[%emt 00:06:20]} Nd4 {[%clk
00:42:45]} {[%emt 00:06:02]} 16. Qxc8 {[%clk 00:53:36]} {[%emt 00:08:22]} Nxe2+
{[%clk 00:41:59]} {[%emt 00:01:15]} 17. Kf1 {[%clk 00:53:45]} {[%emt 00:00:21]}
Qxd1+ {[%clk 00:42:23]} {[%emt 00:00:07]} 18. Ne1 {[%clk 00:54:03]} {[%emt
00:00:12]} Qxe1# {[%clk 00:42:10]} {[%emt 00:00:03]} 0-1

[Event "DVM U20 2023"]
[Site "Magdeburg GER"]
[Date "2023.12.29"]
[Round "6"]
[White "Matthäi, Jakob"]
[Black "Dauner, Benedikt"]
[Result "0-1"]
[Termination "normal"]
[Board "6.1"]
[BlackTitle "FM"]
[WhiteElo "2076"]
[BlackElo "2390"]
[WhiteClock "00:27:26"]
[BlackClock "00:02:24"]
[WhiteTeam "USG Chemnitz"]
[BlackTeam "Karlsruher SF 1853"]
[PlyCount "115"]
[WhiteFideId "16240421"]
[BlackFideId "16225899"]
[EventCountry "GER"]
[EventRounds "7"]
[EventType "team-swiss"]
[EventDate "2023.12.26"]

1. e4 {[%clk 01:30:57]} {[%emt 00:00:03]} c5 {[%clk 01:30:31]} {[%emt
00:00:29]} 2. Nf3 {[%clk 01:31:13]} {[%emt 00:00:14]} Nc6 {[%clk 01:30:18]}
{[%emt 00:00:43]} 3. c3 {[%clk 01:31:07]} {[%emt 00:00:37]} Nf6 {[%clk
01:30:32]} {[%emt 00:00:15]} 4. e5 {[%clk 01:31:29]} {[%emt 00:00:08]} Nd5
{[%clk 01:30:55]} {[%emt 00:00:07]} 5. Bc4 {[%clk 01:31:01]} {[%emt 00:01:00]}
Nb6 {[%clk 01:30:58]} {[%emt 00:00:26]} 6. Bb3 {[%clk 01:30:24]} {[%emt
00:01:07]} d5 {[%clk 01:30:43]} {[%emt 00:00:44]} 7. d4 {[%clk 01:30:03]}
{[%emt 00:00:53]} cxd4 {[%clk 01:28:55]} {[%emt 00:02:17]} 8. cxd4 {[%clk
01:30:11]} {[%emt 00:00:22]} Bg4 {[%clk 01:28:52]} {[%emt 00:00:32]} 9. Be3
{[%clk 01:30:20]} {[%emt 00:00:22]} e6 {[%clk 01:28:41]} {[%emt 00:00:40]} 10.
O-O {[%clk 01:29:39]} {[%emt 00:01:12]} Be7 {[%clk 01:28:35]} {[%emt 00:00:36]}
11. Nc3 {[%clk 01:26:58]} {[%emt 00:03:11]} Na5 {[%clk 01:27:20]} {[%emt
00:01:44]} 12. Ba4+ {[%clk 01:26:32]} {[%emt 00:00:57]} Nxa4 {[%clk 01:27:24]}
{[%emt 00:00:25]} 13. Qxa4+ {[%clk 01:26:50]} {[%emt 00:00:13]} Nc6 {[%clk
01:27:46]} {[%emt 00:00:07]} 14. Nd2 {[%clk 01:26:29]} {[%emt 00:00:51]} O-O
{[%clk 01:26:56]} {[%emt 00:01:20]} 15. f4 {[%clk 01:24:54]} {[%emt 00:02:07]}
a6 {[%clk 01:25:55]} {[%emt 00:01:30]} 16. Nf3 {[%clk 01:23:36]} {[%emt
00:01:48]} b5 {[%clk 01:25:45]} {[%emt 00:00:39]} 17. Qd1 {[%clk 01:23:24]}
{[%emt 00:00:42]} Na5 {[%clk 01:21:36]} {[%emt 00:04:40]} 18. Ne2 {[%clk
01:21:42]} {[%emt 00:02:13]} Rc8 {[%clk 01:19:12]} {[%emt 00:02:54]} 19. Ng3
{[%clk 01:20:55]} {[%emt 00:01:16]} Bh4 {[%clk 01:13:05]} {[%emt 00:06:37]} 20.
Qe1 {[%clk 01:20:03]} {[%emt 00:01:22]} Nc6 {[%clk 01:03:27]} {[%emt 00:10:08]}
21. Nxh4 {[%clk 01:17:25]} {[%emt 00:03:07]} Qxh4 {[%clk 01:03:48]} {[%emt
00:00:10]} 22. h3 {[%clk 01:16:53]} {[%emt 00:01:01]} Bf5 {[%clk 01:01:37]}
{[%emt 00:02:41]} 23. Nxf5 {[%clk 01:15:33]} {[%emt 00:01:51]} Qxe1 {[%clk
01:02:01]} {[%emt 00:00:05]} 24. Nh6+ {[%clk 01:15:24]} {[%emt 00:00:40]} gxh6
{[%clk 01:02:24]} {[%emt 00:00:06]} 25. Raxe1 {[%clk 01:15:48]} {[%emt
00:00:07]} Ne7 {[%clk 00:57:00]} {[%emt 00:05:54]} 26. g4 {[%clk 01:14:54]}
{[%emt 00:01:25]} f5 {[%clk 00:40:41]} {[%emt 00:16:49]} 27. Rc1 {[%clk
01:14:04]} {[%emt 00:01:19]} Kf7 {[%clk 00:38:18]} {[%emt 00:02:51]} 28. Kg2
{[%clk 01:06:41]} {[%emt 00:07:53]} Kg6 {[%clk 00:35:10]} {[%emt 00:03:38]} 29.
Kf3 {[%clk 01:00:20]} {[%emt 00:06:52]} Rxc1 {[%clk 00:20:45]} {[%emt
00:14:55]} 30. Rxc1 {[%clk 00:59:48]} {[%emt 00:01:02]} Rc8 {[%clk 00:21:08]}
{[%emt 00:00:07]} 31. Rg1 {[%clk 00:51:55]} {[%emt 00:08:23]} Kf7 {[%clk
00:20:33]} {[%emt 00:01:06]} 32. Rg2 {[%clk 00:47:28]} {[%emt 00:04:58]} Rc4
{[%clk 00:19:42]} {[%emt 00:01:21]} 33. Rd2 {[%clk 00:43:15]} {[%emt 00:04:43]}
Rc1 {[%clk 00:14:12]} {[%emt 00:05:59]} 34. Bf2 {[%clk 00:38:28]} {[%emt
00:05:16]} Kg6 {[%clk 00:13:14]} {[%emt 00:01:30]} 35. Be3 {[%clk 00:36:44]}
{[%emt 00:02:15]} Rh1 {[%clk 00:12:21]} {[%emt 00:01:22]} 36. Kg3 {[%clk
00:34:44]} {[%emt 00:02:29]} fxg4 {[%clk 00:11:59]} {[%emt 00:00:52]} 37. hxg4
{[%clk 00:35:01]} {[%emt 00:00:14]} h5 {[%clk 00:12:06]} {[%emt 00:00:22]} 38.
f5+ {[%clk 00:33:39]} {[%emt 00:01:54]} exf5 {[%clk 00:12:28]} {[%emt
00:00:06]} 39. gxh5+ {[%clk 00:34:02]} {[%emt 00:00:08]} Kxh5 {[%clk 00:10:22]}
{[%emt 00:02:36]} 40. Rc2 {[%clk 00:33:55]} {[%emt 00:00:36]} Rh4 {[%clk
00:01:27]} {[%emt 00:09:24]} 41. Bf2 {[%clk 00:30:16]} {[%emt 00:04:10]} Ng6
{[%clk 00:28:52]} {[%emt 00:03:04]} 42. Rc7 {[%clk 00:57:50]} {[%emt 00:02:57]}
Kg5 {[%clk 00:28:09]} {[%emt 00:01:13]} 43. Rd7 {[%clk 00:54:32]} {[%emt
00:03:49]} h5 {[%clk 00:27:45]} {[%emt 00:00:53]} 44. Rg7 {[%clk 00:43:52]}
{[%emt 00:11:10]} Re4 {[%clk 00:26:56]} {[%emt 00:01:17]} 45. Kf3 {[%clk
00:42:29]} {[%emt 00:01:54]} Rf4+ {[%clk 00:25:46]} {[%emt 00:01:41]} 46. Ke3
{[%clk 00:42:06]} {[%emt 00:00:52]} Rg4 {[%clk 00:25:49]} {[%emt 00:00:28]} 47.
Kf3 {[%clk 00:40:43]} {[%emt 00:01:53]} Rf4+ {[%clk 00:04:12]} {[%emt
00:22:07]} 48. Ke3 {[%clk 00:41:06]} {[%emt 00:00:07]} Re4+ {[%clk 00:04:26]}
{[%emt 00:00:17]} 49. Kf3 {[%clk 00:41:25]} {[%emt 00:00:10]} h4 {[%clk
00:04:14]} {[%emt 00:00:41]} 50. Rh7 {[%clk 00:35:53]} {[%emt 00:06:03]} Rf4+
{[%clk 00:04:22]} {[%emt 00:00:23]} 51. Ke3 {[%clk 00:35:05]} {[%emt 00:01:18]}
Kg4 {[%clk 00:03:17]} {[%emt 00:01:35]} 52. Rg7 {[%clk 00:32:08]} {[%emt
00:03:27]} Re4+ {[%clk 00:03:42]} {[%emt 00:00:05]} 53. Kd3 {[%clk 00:31:30]}
{[%emt 00:01:08]} Kf3 {[%clk 00:03:40]} {[%emt 00:00:31]} 54. Rxg6 {[%clk
00:29:27]} {[%emt 00:02:34]} Kxf2 {[%clk 00:04:04]} {[%emt 00:00:05]} 55. Rh6
{[%clk 00:28:32]} {[%emt 00:01:25]} Kg3 {[%clk 00:01:41]} {[%emt 00:02:53]} 56.
Rg6 {[%clk 00:27:50]} {[%emt 00:01:13]} Kh2 {[%clk 00:02:04]} {[%emt 00:00:06]}
57. Rf6 {[%clk 00:27:07]} {[%emt 00:01:14]} f4 {[%clk 00:02:24]} {[%emt
00:00:10]} 58. e6 {[%clk 00:27:26]} {[%emt 00:00:11]} *

[Event "DVM U20 2023"]
[Site "Magdeburg GER"]
[Date "2023.12.29"]
[Round "6"]
[White "Fidlin, Simon"]
[Black "Ehrig, Leon Chris"]
[Result "0-1"]
[Termination "normal"]
[Board "6.2"]
[WhiteElo "2122"]
[BlackElo "2051"]
[WhiteClock "00:47:24"]
[BlackClock "00:12:25"]
[WhiteTeam "Karlsruher SF 1853"]
[BlackTeam "USG Chemnitz"]
[PlyCount "72"]
[WhiteFideId "16217535"]
[BlackFideId "16244796"]
[EventCountry "GER"]
[EventRounds "7"]
[EventType "team-swiss"]
[EventDate "2023.12.26"]

1. c4 {[%clk 01:30:58]} e5 {[%clk 01:30:34]} {[%emt 00:00:27]} 2. Nc3 {[%clk
01:30:48]} {[%emt 00:00:40]} Nc6 {[%clk 01:30:09]} {[%emt 00:00:55]} 3. g3
{[%clk 01:30:17]} {[%emt 00:01:02]} g6 {[%clk 01:30:26]} {[%emt 00:00:11]} 4.
Bg2 {[%clk 01:29:47]} {[%emt 00:01:01]} Bg7 {[%clk 01:30:52]} {[%emt 00:00:04]}
5. e3 {[%clk 01:29:18]} {[%emt 00:00:58]} Nge7 {[%clk 01:31:08]} {[%emt
00:00:14]} 6. Nge2 {[%clk 01:29:27]} {[%emt 00:00:21]} d6 {[%clk 01:29:42]}
{[%emt 00:01:57]} 7. d3 {[%clk 01:25:14]} {[%emt 00:04:43]} O-O {[%clk
01:25:55]} {[%emt 00:04:16]} 8. O-O {[%clk 01:25:28]} {[%emt 00:00:15]} Be6
{[%clk 01:24:31]} {[%emt 00:01:55]} 9. Nd5 {[%clk 01:25:39]} {[%emt 00:00:20]}
a5 {[%clk 01:22:51]} {[%emt 00:02:11]} 10. a3 {[%clk 01:22:23]} {[%emt
00:03:44]} Qd7 {[%clk 01:19:08]} {[%emt 00:04:12]} 11. Bd2 {[%clk 01:20:33]}
{[%emt 00:02:22]} f5 {[%clk 01:17:24]} {[%emt 00:02:13]} 12. Rb1 {[%clk
01:18:04]} {[%emt 00:02:59]} g5 {[%clk 01:12:55]} {[%emt 00:04:59]} 13. f4
{[%clk 01:18:22]} {[%emt 00:00:12]} gxf4 {[%clk 01:12:11]} {[%emt 00:01:15]}
14. exf4 {[%clk 01:18:42]} {[%emt 00:00:10]} Ng6 {[%clk 01:11:41]} {[%emt
00:01:00]} 15. b4 {[%clk 01:16:29]} {[%emt 00:02:41]} axb4 {[%clk 01:10:14]}
{[%emt 00:01:58]} 16. axb4 {[%clk 01:16:49]} {[%emt 00:00:09]} Rae8 {[%clk
00:49:18]} {[%emt 00:21:25]} 17. Re1 {[%clk 01:09:40]} {[%emt 00:07:40]} Nd8
{[%clk 00:43:43]} {[%emt 00:06:04]} 18. Qb3 {[%clk 01:02:44]} {[%emt 00:07:25]}
c6 {[%clk 00:41:10]} {[%emt 00:03:05]} 19. Ndc3 {[%clk 01:02:56]} {[%emt
00:00:17]} b5 {[%clk 00:40:13]} {[%emt 00:01:27]} 20. Nd1 {[%clk 00:58:58]}
{[%emt 00:04:28]} Qf7 {[%clk 00:36:57]} {[%emt 00:03:46]} 21. Rc1 {[%clk
00:58:49]} {[%emt 00:00:40]} e4 {[%clk 00:35:12]} {[%emt 00:02:14]} 22. dxe4
{[%clk 00:58:28]} {[%emt 00:00:51]} Bxc4 {[%clk 00:34:13]} {[%emt 00:01:30]}
23. Qc2 {[%clk 00:58:19]} {[%emt 00:00:38]} fxe4 {[%clk 00:32:04]} {[%emt
00:02:39]} 24. Bxe4 {[%clk 00:57:59]} {[%emt 00:00:50]} Bb3 {[%clk 00:27:26]}
{[%emt 00:05:08]} 25. Qb1 {[%clk 00:55:27]} {[%emt 00:03:00]} Ba2 {[%clk
00:26:56]} {[%emt 00:01:03]} 26. Qd3 {[%clk 00:55:21]} {[%emt 00:00:34]} Rxe4
{[%clk 00:23:48]} {[%emt 00:03:39]} 27. Qxe4 {[%clk 00:55:28]} {[%emt
00:00:23]} Bd5 {[%clk 00:24:11]} {[%emt 00:00:06]} 28. Qd3 {[%clk 00:54:57]}
{[%emt 00:01:00]} Ne6 {[%clk 00:21:13]} {[%emt 00:03:30]} 29. Ndc3 {[%clk
00:50:12]} {[%emt 00:05:14]} Ne5 {[%clk 00:20:55]} {[%emt 00:00:48]} 30. Qe3
{[%clk 00:49:18]} {[%emt 00:01:25]} Nc4 {[%clk 00:14:21]} {[%emt 00:07:03]} 31.
Qd3 {[%clk 00:48:52]} {[%emt 00:00:55]} Ne5 {[%clk 00:13:52]} {[%emt 00:01:00]}
32. Qe3 {[%clk 00:49:13]} {[%emt 00:00:09]} Nf3+ {[%clk 00:11:43]} {[%emt
00:02:39]} 33. Kh1 {[%clk 00:49:27]} {[%emt 00:00:15]} Qh5 {[%clk 00:12:00]}
{[%emt 00:00:13]} 34. h4 {[%clk 00:47:09]} {[%emt 00:02:50]} Nxh4+ {[%clk
00:11:35]} {[%emt 00:00:55]} 35. Nxd5 {[%clk 00:47:01]} {[%emt 00:00:37]} Qxd5+
{[%clk 00:12:00]} {[%emt 00:00:05]} 36. Kh2 {[%clk 00:47:24]} {[%emt 00:00:07]}
Qg2# {[%clk 00:12:25]} {[%emt 00:00:05]} 0-1